[Event "DEM U10 2018"]
[Site "Willingen GER"]
[Date "2018.05.20"]
[Round "2"]
[White "Müller, Milo"]
[Black "Hagner, Bennet"]
[Result "0-1"]
[Termination "normal"]
[Board "5"]
[WhiteElo "1443"]
[BlackElo "1833"]
[WhiteClock "00:15:20"]
[BlackClock "00:08:49"]
[PlyCount "92"]
[WhiteFideId "16265700"]
[BlackFideId "16224477"]
[EventCountry "GER"]
[EventRounds "11"]
[EventType "swiss"]
[EventDate "2018.05.19"]

1. e4 {[%clk 1:15:56]} 1... c6 {[%clk 1:15:54]} 2. d4 {[%clk 1:15:51]} 2... d5
{[%clk 1:16:18]} 3. Nc3 {[%clk 1:16:11]} 3... dxe4 {[%clk 1:16:42]} 4. Nxe4 {
[%clk 1:16:33]} 4... Nf6 {[%clk 1:16:57]} 5. Nxf6+ {[%clk 1:16:25]} 5... exf6 {
[%clk 1:17:20]} 6. c3 {[%clk 1:16:14]} 6... Bd6 {[%clk 1:17:37]} 7. Bd3 { [%clk
1:16:27]} 7... O-O {[%clk 1:18:00]} 8. Qc2 {[%clk 1:16:49]} 8... Re8+ { [%clk
1:18:27]} 9. Ne2 {[%clk 1:17:06]} 9... h6 {[%clk 1:18:54]} 10. O-O { [%clk
1:17:25]} 10... Qc7 {[%clk 1:19:02]} 11. Ng3 {[%clk 1:17:20]} 11... Nd7 { [%clk
1:15:18]} 12. Bd2 {[%clk 1:17:36]} 12... Nb6 {[%clk 1:12:30]} 13. Rfe1 { [%clk
1:16:56]} 13... Be6 {[%clk 1:11:59]} 14. b3 {[%clk 1:15:05]} 14... Nd5 { [%clk
1:08:40]} 15. c4 {[%clk 1:06:02]} 15... Nb4 {[%clk 1:06:33]} 16. Bxb4 { [%clk
1:05:54]} 16... Bxb4 {[%clk 1:06:55]} 17. Re4 {[%clk 0:57:34]} 17... Rad8
{[%clk 0:59:47]} 18. a3 {[%clk 0:56:34]} 18... Bd6 {[%clk 0:58:36]} 19. b4 {
[%clk 0:53:49]} 19... a5 {[%clk 0:55:42]} 20. Qb2 {[%clk 0:47:05]} 20... axb4 {
[%clk 0:50:52]} 21. axb4 {[%clk 0:47:23]} 21... Ra8 {[%clk 0:51:03]} 22. c5 {
[%clk 0:43:45]} 22... Bf4 {[%clk 0:46:20]} 23. Rae1 {[%clk 0:41:07]} 23... Kf8
{[%clk 0:41:54]} 24. b5 {[%clk 0:40:40]} 24... Red8 {[%clk 0:32:11]} 25. bxc6 {
[%clk 0:37:33]} 25... bxc6 {[%clk 0:31:36]} 26. Qe2 {[%clk 0:31:23]} 26... Ra2
{[%clk 0:31:11]} 27. Qd1 {[%clk 0:30:47]} 27... Bd5 {[%clk 0:19:10]} 28. R4e2 {
[%clk 0:30:50]} 28... Rda8 {[%clk 0:17:29]} 29. Kh1 {[%clk 0:30:35]} 29... Qa5
{[%clk 0:17:01]} 30. Rxa2 {[%clk 0:28:45]} 30... Qxa2 {[%clk 0:17:15]} 31. Ne2
{[%clk 0:28:32]} 31... Bd2 {[%clk 0:16:33]} 32. Rf1 {[%clk 0:28:08]} 32... Rb8
{[%clk 0:11:20]} 33. Nc1 {[%clk 0:23:06]} 33... Qb2 {[%clk 0:10:07]} 34. Bc2 {
[%clk 0:22:28]} 34... Bxc1 {[%clk 0:10:06]} 35. Qxc1 {[%clk 0:22:49]} 35...
Qxd4 {[%clk 0:10:23]} 36. Bf5 {[%clk 0:20:50]} 36... Bxg2+ {[%clk 0:08:12]} 37.
Kxg2 {[%clk 0:20:52]} 37... Qd5+ {[%clk 0:08:35]} 38. Kg1 {[%clk 0:20:05]}
38... Qxf5 {[%clk 0:08:56]} 39. Qa3 {[%clk 0:18:19]} 39... Qg4+ {[%clk 0:08:11]
} 40. Kh1 {[%clk 0:18:30]} 40... Qb4 {[%clk 0:08:36]} 41. Qe3 {[%clk 0:18:20]}
41... Re8 {[%clk 0:08:51]} 42. Qc1 {[%clk 0:18:16]} 42... Qe4+ {[%clk 0:08:40]}
43. Kg1 {[%clk 0:18:27]} 43... Re5 {[%clk 0:08:53]} 44. f4 {[%clk 0:18:17]}
44... Qd4+ {[%clk 0:08:08]} 45. Kh1 {[%clk 0:18:08]} 45... Re2 {[%clk 0:08:26]}
46. Re1 {[%clk 0:15:20]} 46... Qe4+ {[%clk 0:08:49]} 0-1

[Event "DEM U10 2018"]
[Site "Willingen GER"]
[Date "2018.05.20"]
[Round "2"]
[White "von Mettenheim, Johannes"]
[Black "Krüger, Arthur"]
[Result "0-1"]
[Termination "normal"]
[Board "6"]
[WhiteElo "1581"]
[BlackElo "1549"]
[WhiteClock "00:50:55"]
[BlackClock "00:11:52"]
[PlyCount "84"]
[WhiteFideId "16244818"]
[BlackFideId "16244966"]
[EventCountry "GER"]
[EventRounds "11"]
[EventType "swiss"]
[EventDate "2018.05.19"]

1. d4 {[%clk 1:15:59]} 1... d5 {[%clk 1:15:49]} 2. c4 {[%clk 1:16:23]} 2... e6
{[%clk 1:16:03]} 3. Nc3 {[%clk 1:16:46]} 3... Nf6 {[%clk 1:16:08]} 4. Bg5 {
[%clk 1:17:10]} 4... Be7 {[%clk 1:16:15]} 5. e3 {[%clk 1:17:33]} 5... O-O {
[%clk 1:15:29]} 6. Nf3 {[%clk 1:17:57]} 6... Nbd7 {[%clk 1:15:18]} 7. Rc1 {
[%clk 1:18:20]} 7... a6 {[%clk 1:14:35]} 8. Bd3 {[%clk 1:18:03]} 8... dxc4 {
[%clk 1:14:28]} 9. Bxc4 {[%clk 1:18:27]} 9... b5 {[%clk 1:14:12]} 10. Bd3 {
[%clk 1:18:46]} 10... Bb7 {[%clk 1:13:48]} 11. O-O {[%clk 1:19:07]} 11... Rc8 {
[%clk 1:12:38]} 12. Qe2 {[%clk 1:18:52]} 12... c5 {[%clk 1:12:12]} 13. dxc5 {
[%clk 1:19:17]} 13... Bxc5 {[%clk 1:11:42]} 14. Rfd1 {[%clk 1:19:41]} 14... Qe7
{[%clk 1:10:09]} 15. Nd2 {[%clk 1:17:45]} 15... Rfd8 {[%clk 1:07:01]} 16. Nde4
{[%clk 1:17:35]} 16... Bb6 {[%clk 1:05:05]} 17. Bb1 {[%clk 1:13:20]} 17... Rc6
{[%clk 0:56:59]} 18. a3 {[%clk 1:07:22]} 18... h6 {[%clk 0:52:34]} 19. Bh4 {
[%clk 1:07:30]} 19... Ba8 {[%clk 0:40:51]} 20. Qc2 {[%clk 1:06:10]} 20... Kf8 {
[%clk 0:36:04]} 21. Qb3 {[%clk 1:03:04]} 21... Ba5 {[%clk 0:27:38]} 22. Nxf6 {
[%clk 1:00:25]} 22... Nxf6 {[%clk 0:25:05]} 23. Ne4 {[%clk 1:00:09]} 23... Rxc1
{[%clk 0:24:06]} 24. Rxc1 {[%clk 1:00:32]} 24... Bxe4 {[%clk 0:23:54]} 25. Bxf6
{[%clk 1:00:57]} 25... Qxf6 {[%clk 0:23:40]} 26. Bxe4 {[%clk 1:01:21]} 26...
Rd2 {[%clk 0:23:00]} 27. f3 {[%clk 0:59:44]} 27... Qxb2 {[%clk 0:20:36]} 28.
Rc8+ {[%clk 0:59:18]} 28... Ke7 {[%clk 0:20:34]} 29. Qxb2 {[%clk 0:59:21]}
29... Rxb2 {[%clk 0:20:56]} 30. Bb7 {[%clk 0:59:32]} 30... Bb6 {[%clk 0:20:01]}
31. Rc3 {[%clk 0:59:29]} 31... a5 {[%clk 0:19:31]} 32. Kf1 {[%clk 0:53:10]}
32... b4 {[%clk 0:17:47]} 33. axb4 {[%clk 0:52:58]} 33... axb4 {[%clk 0:17:51]}
34. Rd3 {[%clk 0:52:44]} 34... b3 {[%clk 0:17:41]} 35. e4 {[%clk 0:51:59]}
35... Rf2+ {[%clk 0:15:48]} 36. Ke1 {[%clk 0:52:24]} 36... b2 {[%clk 0:15:01]}
37. Rb3 {[%clk 0:52:43]} 37... Bd4 {[%clk 0:14:30]} 38. Kd1 38... Rxg2 { [%clk
0:13:58]} 39. h4 {[%clk 0:50:42]} 39... Kd6 {[%clk 0:13:08]} 40. f4 { [%clk
0:50:58]} 40... Kc5 {[%clk 0:12:22]} 41. Ba6 {[%clk 0:50:33]} 41... Rg1+ {[%clk
0:11:47]} 42. Kc2 {[%clk 0:50:55]} 42... Rc1+ {[%clk 0:11:52]} 0-1

[Event "DEM U10 2018"]
[Site "Willingen GER"]
[Date "2018.05.20"]
[Round "2"]
[White "Hoppstädter, Daniel"]
[Black "Grabs, Peter"]
[Result "0-1"]
[Termination "normal"]
[Board "7"]
[BlackTitle "CM"]
[WhiteElo "1219"]
[BlackElo "1480"]
[WhiteClock "00:56:33"]
[BlackClock "00:45:16"]
[PlyCount "112"]
[WhiteFideId "16243625"]
[BlackFideId "16203887"]
[EventCountry "GER"]
[EventRounds "11"]
[EventType "swiss"]
[EventDate "2018.05.19"]

1. e4 {[%clk 1:15:57]} 1... e6 {[%clk 1:15:57]} 2. d4 {[%clk 1:16:20]} 2... d5
{[%clk 1:16:23]} 3. exd5 {[%clk 1:16:03]} 3... exd5 {[%clk 1:16:18]} 4. Nc3 {
[%clk 1:15:19]} 4... c6 {[%clk 1:16:32]} 5. Bd3 {[%clk 1:15:03]} 5... Bd6 {
[%clk 1:16:51]} 6. Qe2+ {[%clk 1:14:57]} 6... Qe7 {[%clk 1:17:15]} 7. Qxe7+ {
[%clk 1:15:19]} 7... Nxe7 {[%clk 1:17:39]} 8. Bg5 {[%clk 1:14:30]} 8... f6 {
[%clk 1:17:50]} 9. Bh4 {[%clk 1:14:41]} 9... Bf5 {[%clk 1:17:56]} 10. O-O-O {
[%clk 1:13:54]} 10... Nd7 {[%clk 1:17:55]} 11. Nf3 {[%clk 1:12:57]} 11... O-O-O
{[%clk 1:17:23]} 12. Rhe1 {[%clk 1:12:41]} 12... Bxd3 {[%clk 1:16:58]} 13. Rxd3
{[%clk 1:12:18]} 13... Nf5 {[%clk 1:15:04]} 14. Bg3 {[%clk 1:09:43]} 14... Nxg3
{[%clk 1:15:14]} 15. hxg3 {[%clk 1:09:30]} 15... Nb6 {[%clk 1:14:01]} 16. b3 {
[%clk 1:08:57]} 16... Rde8 {[%clk 1:09:59]} 17. Rde3 {[%clk 1:08:22]} 17... Kd7
{[%clk 1:09:12]} 18. Rxe8 {[%clk 1:07:42]} 18... Rxe8 {[%clk 1:08:57]} 19. Rxe8
{[%clk 1:08:06]} 19... Kxe8 {[%clk 1:09:16]} 20. Kd2 {[%clk 1:05:10]} 20... Ke7
{[%clk 1:02:41]} 21. Nh4 {[%clk 1:04:30]} 21... g6 {[%clk 1:01:45]} 22. Ke3 {
[%clk 1:04:18]} 22... Ke6 {[%clk 1:01:34]} 23. f4 {[%clk 1:04:33]} 23... g5 {
[%clk 1:01:20]} 24. Nf3 {[%clk 1:03:57]} 24... Kf5 {[%clk 1:01:23]} 25. fxg5 {
[%clk 1:03:07]} 25... fxg5 {[%clk 1:00:59]} 26. Ne2 {[%clk 1:02:47]} 26... Nd7
{[%clk 0:59:59]} 27. c4 {[%clk 1:01:22]} 27... Nf6 {[%clk 0:58:49]} 28. Nh2 {
[%clk 1:01:07]} 28... h5 {[%clk 0:57:26]} 29. Kf3 {[%clk 0:58:06]} 29... Ne4 {
[%clk 0:54:54]} 30. Nf1 {[%clk 0:57:34]} 30... Bb4 {[%clk 0:51:14]} 31. Ne3+ {
[%clk 0:57:27]} 31... Kf6 {[%clk 0:50:44]} 32. cxd5 {[%clk 0:57:12]} 32... Nd2+
{[%clk 0:49:09]} 33. Kf2 {[%clk 0:57:27]} 33... Ne4+ {[%clk 0:49:03]} 34. Kg1 {
[%clk 0:57:38]} 34... Bd2 {[%clk 0:47:51]} 35. Nc4 {[%clk 0:56:40]} 35... cxd5
{[%clk 0:46:56]} 36. Nxd2 {[%clk 0:56:32]} 36... Nxd2 {[%clk 0:44:21]} 37. Nc3
{[%clk 0:56:38]} 37... Ke6 {[%clk 0:42:42]} 38. Kf2 {[%clk 0:56:29]} 38... Ne4+
{[%clk 0:41:57]} 39. Nxe4 {[%clk 0:56:44]} 39... dxe4 {[%clk 0:42:22]} 40. Ke2
{[%clk 0:56:44]} 40... b5 {[%clk 0:41:19]} 41. b4 {[%clk 0:56:17]} 41... Kd5 {
[%clk 0:41:39]} 42. Ke3 {[%clk 0:56:19]} 42... g4 {[%clk 0:42:01]} 43. a3 {
[%clk 0:53:45]} 43... a6 {[%clk 0:42:09]} 44. Ke2 {[%clk 0:53:22]} 44... Kxd4 {
[%clk 0:42:11]} 45. Kd2 {[%clk 0:53:40]} 45... e3+ {[%clk 0:42:07]} 46. Ke2 {
[%clk 0:54:05]} 46... Ke4 {[%clk 0:42:26]} 47. Kd1 {[%clk 0:54:18]} 47... Kd3 {
[%clk 0:42:50]} 48. Ke1 {[%clk 0:54:32]} 48... e2 {[%clk 0:43:12]} 49. a4 {
[%clk 0:54:51]} 49... bxa4 {[%clk 0:43:24]} 50. b5 {[%clk 0:55:19]} 50... axb5
{[%clk 0:43:45]} 51. Kf2 {[%clk 0:55:37]} 51... Kd2 {[%clk 0:43:45]} 52. Kg1 {
[%clk 0:56:05]} 52... b4 {[%clk 0:44:05]} 53. Kh2 {[%clk 0:56:26]} 53... a3 {
[%clk 0:44:23]} 54. Kg1 {[%clk 0:56:45]} 54... h4 {[%clk 0:44:45]} 55. gxh4 {
[%clk 0:56:14]} 55... g3 {[%clk 0:45:06]} 56. h5 {[%clk 0:56:33]} 56... e1=R# {
[%clk 0:45:16]} 0-1

[Event "DEM U10 2018"]
[Site "Willingen GER"]
[Date "2018.05.20"]
[Round "2"]
[White "Helms, Finn"]
[Black "Kocharin, Timur"]
[Result "1-0"]
[Termination "normal"]
[Board "8"]
[WhiteElo "1435"]
[BlackElo "1280"]
[WhiteClock "00:32:48"]
[BlackClock "00:55:36"]
[PlyCount "93"]
[WhiteFideId "16249143"]
[BlackFideId "16240936"]
[EventCountry "GER"]
[EventRounds "11"]
[EventType "swiss"]
[EventDate "2018.05.19"]

1. d4 {[%clk 1:15:55]} 1... Nf6 {[%clk 1:15:51]} 2. Bf4 {[%clk 1:16:07]} 2...
g6 {[%clk 1:16:00]} 3. e3 {[%clk 1:16:21]} 3... Bg7 {[%clk 1:15:53]} 4. c3 {
[%clk 1:16:46]} 4... O-O {[%clk 1:15:55]} 5. h3 {[%clk 1:17:13]} 5... d6 {
[%clk 1:16:06]} 6. Nf3 {[%clk 1:17:34]} 6... Nfd7 {[%clk 1:16:06]} 7. Nbd2 {
[%clk 1:17:23]} 7... e5 {[%clk 1:16:21]} 8. dxe5 {[%clk 1:17:45]} 8... Nxe5 {
[%clk 1:16:01]} 9. Nxe5 {[%clk 1:18:02]} 9... dxe5 {[%clk 1:16:24]} 10. Bh2 {
[%clk 1:18:22]} 10... Nc6 {[%clk 1:16:32]} 11. Qb3 {[%clk 1:17:45]} 11... Be6 {
[%clk 1:15:36]} 12. Qxb7 {[%clk 1:14:17]} 12... Qd6 {[%clk 1:14:18]} 13. Qa6 {
[%clk 1:10:59]} 13... Rab8 {[%clk 1:13:42]} 14. b3 {[%clk 1:05:40]} 14... Rfd8
{[%clk 1:07:09]} 15. Rd1 {[%clk 0:57:21]} 15... Qc5 {[%clk 1:05:45]} 16. Bc4 {
[%clk 0:42:53]} 16... Rb6 {[%clk 1:03:08]} 17. Qa4 {[%clk 0:43:06]} 17... Bd7 {
[%clk 1:03:08]} 18. O-O {[%clk 0:41:43]} 18... a5 {[%clk 1:01:46]} 19. Ne4 {
[%clk 0:41:40]} 19... Qe7 {[%clk 1:02:01]} 20. Bb5 {[%clk 0:38:39]} 20... Rdb8
{[%clk 1:01:02]} 21. c4 {[%clk 0:37:43]} 21... f5 {[%clk 1:00:42]} 22. Nc3 {
[%clk 0:36:42]} 22... Qe8 {[%clk 0:56:13]} 23. Nd5 {[%clk 0:35:27]} 23... R6b7
{[%clk 0:56:18]} 24. Rd3 {[%clk 0:33:17]} 24... Qe6 {[%clk 0:54:50]} 25. Nc3 {
[%clk 0:31:38]} 25... e4 {[%clk 0:54:51]} 26. Rxd7 {[%clk 0:30:02]} 26... Bxc3
{[%clk 0:53:42]} 27. Bxc6 {[%clk 0:30:19]} 27... Rb4 {[%clk 0:54:00]} 28. Bd5 {
[%clk 0:29:39]} 28... Qxd5 {[%clk 0:52:55]} 29. Rxd5 {[%clk 0:29:51]} 29...
Rxa4 {[%clk 0:50:16]} 30. bxa4 {[%clk 0:29:39]} 30... Bb4 {[%clk 0:50:24]} 31.
Bxc7 {[%clk 0:29:47]} 31... Rc8 {[%clk 0:50:43]} 32. Rd8+ {[%clk 0:28:34]}
32... Rxd8 {[%clk 0:50:58]} 33. Bxd8 {[%clk 0:28:56]} 33... Kf7 {[%clk 0:51:19]
} 34. g4 {[%clk 0:29:14]} 34... fxg4 {[%clk 0:51:44]} 35. hxg4 {[%clk 0:29:36]}
35... Ke6 {[%clk 0:52:04]} 36. f4 {[%clk 0:29:55]} 36... Bc5 {[%clk 0:52:31]}
37. Kf2 {[%clk 0:30:12]} 37... h5 {[%clk 0:52:50]} 38. f5+ {[%clk 0:30:20]}
38... gxf5 {[%clk 0:53:04]} 39. gxh5 {[%clk 0:30:35]} 39... Kf7 {[%clk 0:53:16]
} 40. h6 {[%clk 0:30:47]} 40... Bf8 {[%clk 0:53:41]} 41. Rh1 {[%clk 0:31:09]}
41... Kg8 {[%clk 0:54:05]} 42. h7+ {[%clk 0:31:29]} 42... Kh8 {[%clk 0:54:17]}
43. Bf6+ {[%clk 0:31:45]} 43... Bg7 {[%clk 0:54:38]} 44. Bxg7+ {[%clk 0:32:09]}
44... Kxg7 {[%clk 0:54:58]} 45. h8=Q+ {[%clk 0:32:26]} 45... Kf7 { [%clk
0:55:14]} 46. Rh7+ {[%clk 0:32:48]} 46... Kg6 {[%clk 0:55:36]} 47. Qg7# 1-0

[Event "DEM U10 2018"]
[Site "Willingen GER"]
[Date "2018.05.20"]
[Round "2"]
[White "Sundui, Chinguun"]
[Black "Aravindan, Midhulan"]
[Result "1-0"]
[Termination "normal"]
[Board "9"]
[WhiteElo "1424"]
[BlackElo "1446"]
[WhiteClock "00:15:52"]
[BlackClock "00:21:59"]
[PlyCount "119"]
[WhiteFideId "4907930"]
[BlackFideId "16237250"]
[EventCountry "GER"]
[EventRounds "11"]
[EventType "swiss"]
[EventDate "2018.05.19"]

1. d4 {[%clk 1:15:57]} 1... Nf6 {[%clk 1:15:51]} 2. Nf3 {[%clk 1:16:21]} 2...
e6 {[%clk 1:16:12]} 3. g3 {[%clk 1:16:41]} 3... Be7 {[%clk 1:16:35]} 4. Bg2 {
[%clk 1:16:33]} 4... O-O {[%clk 1:16:57]} 5. O-O {[%clk 1:16:51]} 5... d5 {
[%clk 1:17:18]} 6. c4 {[%clk 1:16:54]} 6... b6 {[%clk 1:17:09]} 7. Nc3 { [%clk
1:16:44]} 7... Bb7 {[%clk 1:17:28]} 8. Re1 {[%clk 1:15:30]} 8... c5 { [%clk
1:17:45]} 9. Bf4 {[%clk 1:11:02]} 9... Nc6 {[%clk 1:16:05]} 10. cxd5 { [%clk
1:02:34]} 10... Nxd5 {[%clk 1:13:15]} 11. Nxd5 {[%clk 1:01:11]} 11... exd5
{[%clk 1:12:35]} 12. Rc1 {[%clk 0:58:13]} 12... Bf6 13. dxc5 { [%clk 0:55:37]}
13... Bxb2 {[%clk 1:12:15]} 14. Rc2 {[%clk 0:55:58]} 14... Bf6 {[%clk 1:12:10]}
15. cxb6 {[%clk 0:55:37]} 15... axb6 {[%clk 1:12:21]} 16. Qb1 {[%clk 0:54:25]}
16... Re8 {[%clk 1:08:40]} 17. Rd1 {[%clk 0:40:57]} 17... Re7 {[%clk 1:06:35]}
18. Qb3 {[%clk 0:34:27]} 18... Na5 {[%clk 1:03:45]} 19. Qb1 { [%clk 0:28:54]}
19... Nc4 {[%clk 1:01:20]} 20. Rxc4 {[%clk 0:28:27]} 20... Rxe2 {[%clk
0:56:26]} 21. Rc2 {[%clk 0:26:27]} 21... Re7 {[%clk 0:55:49]} 22. Be3 { [%clk
0:22:21]} 22... Re6 {[%clk 0:52:58]} 23. Bd4 {[%clk 0:20:19]} 23... Bxd4 {[%clk
0:48:46]} 24. Nxd4 {[%clk 0:20:29]} 24... Rd6 {[%clk 0:49:08]} 25. Qc1 { [%clk
0:16:41]} 25... Rd7 {[%clk 0:48:16]} 26. f4 {[%clk 0:14:08]} 26... Ba6 { [%clk
0:45:56]} 27. Qb2 {[%clk 0:13:43]} 27... Bc4 {[%clk 0:44:38]} 28. Nf5 { [%clk
0:11:23]} 28... f6 {[%clk 0:43:34]} 29. Rxc4 {[%clk 0:09:53]} 29... dxc4 {[%clk
0:42:24]} 30. Rxd7 {[%clk 0:10:17]} 30... Qxd7 {[%clk 0:42:46]} 31. Nh6+ {[%clk
0:10:38]} 31... gxh6 {[%clk 0:41:13]} 32. Bxa8 {[%clk 0:11:05]} 32... Qa7
{[%clk 0:40:43]} 33. Bd5+ {[%clk 0:11:30]} 33... Kg7 {[%clk 0:40:45]} 34. Kg2
{[%clk 0:11:37]} 34... Qc7 {[%clk 0:40:19]} 35. Qb4 {[%clk 0:11:26]} 35... c3
{[%clk 0:39:59]} 36. Qb1 {[%clk 0:11:29]} 36... c2 {[%clk 0:38:46]} 37. Qc1
{[%clk 0:11:47]} 37... f5 {[%clk 0:35:43]} 38. Bb3 {[%clk 0:11:03]} 38... Qc6+
{[%clk 0:35:46]} 39. Kh3 {[%clk 0:10:21]} 39... Qe8 {[%clk 0:28:59]} 40. Qb2+ {
[%clk 0:10:09]} 40... Kg6 {[%clk 0:28:18]} 41. Qxc2 {[%clk 0:10:27]} 41... Qb5
{[%clk 0:25:47]} 42. Qc4 {[%clk 0:10:40]} 42... Qxc4 {[%clk 0:23:59]} 43. Bxc4
{[%clk 0:11:02]} 43... h5 {[%clk 0:24:19]} 44. Kg2 {[%clk 0:11:24]} 44... h6 {
[%clk 0:23:44]} 45. h4 {[%clk 0:11:38]} 45... Kf6 {[%clk 0:23:52]} 46. Kf3 {
[%clk 0:12:06]} 46... Ke7 {[%clk 0:24:11]} 47. Ke3 {[%clk 0:12:27]} 47... Kd6 {
[%clk 0:22:09]} 48. Kd4 {[%clk 0:12:52]} 48... Ke7 {[%clk 0:21:22]} 49. Ke5 {
[%clk 0:13:14]} 49... Kf8 {[%clk 0:21:27]} 50. Kxf5 {[%clk 0:13:38]} 50... Kg7
{[%clk 0:21:53]} 51. Ke6 {[%clk 0:14:01]} 51... b5 {[%clk 0:22:15]} 52. Bb3 {
[%clk 0:14:10]} 52... b4 {[%clk 0:22:35]} 53. f5 {[%clk 0:14:29]} 53... Kf8 {
[%clk 0:21:16]} 54. f6 {[%clk 0:14:45]} 54... Ke8 {[%clk 0:21:35]} 55. f7+ {
[%clk 0:14:57]} 55... Kf8 {[%clk 0:21:59]} 56. Bd1 {[%clk 0:15:15]} 56... b3 {
[%clk 0:22:07]} 57. Bxb3 {[%clk 0:15:26]} 57... Kg7 {[%clk 0:22:32]} 58. Ke7 {
[%clk 0:15:41]} 58... Kg6 59. f8=Q {[%clk 0:15:52]} 59... Kh7 {[%clk 0:21:59]}
60. Qg8# 1-0

[Event "DEM U10 2018"]
[Site "Willingen GER"]
[Date "2018.05.20"]
[Round "2"]
[White "Möller, Maurin"]
[Black "Puchas, Henrik"]
[Result "1-0"]
[Termination "normal"]
[Board "10"]
[WhiteElo "1500"]
[BlackElo "1439"]
[WhiteClock "00:52:26"]
[BlackClock "00:16:31"]
[PlyCount "73"]
[WhiteFideId "16265696"]
[BlackFideId "16257995"]
[EventCountry "GER"]
[EventRounds "11"]
[EventType "swiss"]
[EventDate "2018.05.19"]

1. e4 {[%clk 1:15:58]} 1... e5 {[%clk 1:15:50]} 2. Nf3 {[%clk 1:16:23]} 2...
Nc6 {[%clk 1:16:11]} 3. Bc4 {[%clk 1:16:48]} 3... Bc5 {[%clk 1:16:31]} 4. c3 {
[%clk 1:17:13]} 4... Nf6 {[%clk 1:16:44]} 5. d3 {[%clk 1:17:38]} 5... a5 {
[%clk 1:16:40]} 6. Bb3 {[%clk 1:17:41]} 6... d6 {[%clk 1:16:43]} 7. Nbd2 {
[%clk 1:17:59]} 7... Be6 {[%clk 1:16:47]} 8. Bc2 {[%clk 1:18:21]} 8... Qd7 {
[%clk 1:17:02]} 9. Nf1 {[%clk 1:18:39]} 9... h6 {[%clk 1:17:08]} 10. Be3 {
[%clk 1:18:47]} 10... Bxe3 {[%clk 1:15:51]} 11. Nxe3 {[%clk 1:19:11]} 11... d5
{[%clk 1:16:11]} 12. Ba4 {[%clk 1:18:19]} 12... Qd6 {[%clk 1:13:55]} 13. exd5 {
[%clk 1:17:10]} 13... Nxd5 {[%clk 1:14:02]} 14. Nc4 {[%clk 1:17:21]} 14... Qc5
{[%clk 1:11:35]} 15. Nfxe5 {[%clk 1:16:19]} 15... Nxc3 {[%clk 1:08:40]} 16.
bxc3 {[%clk 1:16:06]} 16... Bxc4 {[%clk 1:08:53]} 17. Nxc4 {[%clk 1:16:22]}
17... b5 {[%clk 1:08:52]} 18. O-O {[%clk 1:16:11]} 18... O-O {[%clk 1:06:28]}
19. Bxb5 {[%clk 1:09:56]} 19... Qxb5 {[%clk 1:06:33]} 20. Rb1 {[%clk 1:09:23]}
20... Qd5 {[%clk 1:04:07]} 21. Qc2 {[%clk 1:05:08]} 21... Rfd8 {[%clk 1:01:26]}
22. Rfd1 {[%clk 1:05:01]} 22... Rab8 {[%clk 0:40:14]} 23. Ne3 {[%clk 1:04:16]}
23... Qg5 {[%clk 0:38:35]} 24. d4 {[%clk 1:03:15]} 24... Ne7 {[%clk 0:29:12]}
25. Rxb8 {[%clk 0:59:40]} 25... Rxb8 {[%clk 0:29:33]} 26. Rb1 {[%clk 0:59:50]}
26... Rd8 {[%clk 0:27:49]} 27. Qd3 {[%clk 0:58:44]} 27... Nd5 {[%clk 0:25:11]}
28. Rb5 {[%clk 0:58:31]} 28... Nf4 {[%clk 0:22:26]} 29. Rxg5 {[%clk 0:57:58]}
29... Nxd3 {[%clk 0:22:43]} 30. Rxa5 {[%clk 0:58:16]} 30... Rb8 {[%clk 0:22:26]
} 31. g3 {[%clk 0:58:33]} 31... Rb1+ {[%clk 0:21:36]} 32. Kg2 {[%clk 0:57:53]}
32... Ne1+ {[%clk 0:20:56]} 33. Kh3 {[%clk 0:58:09]} 33... Nf3 {[%clk 0:18:41]}
34. Rf5 {[%clk 0:57:39]} 34... Ng5+ {[%clk 0:18:53]} 35. Kg2 {[%clk 0:57:41]}
35... Rb2 {[%clk 0:18:56]} 36. a4 {[%clk 0:56:45]} 36... Ne4 {[%clk 0:16:31]}
37. c4 {[%clk 0:52:26]} 1-0

[Event "DEM U10 2018"]
[Site "Willingen GER"]
[Date "2018.05.20"]
[Round "2"]
[White "Linnemann, Caspar"]
[Black "Policarpo, Raphael"]
[Result "1/2-1/2"]
[Termination "normal"]
[Board "11"]
[WhiteElo "1408"]
[BlackElo "1640"]
[WhiteClock "00:54:57"]
[BlackClock "00:52:07"]
[PlyCount "55"]
[WhiteFideId "16200284"]
[BlackFideId "16237676"]
[EventCountry "GER"]
[EventRounds "11"]
[EventType "swiss"]
[EventDate "2018.05.19"]

1. e4 {[%clk 1:15:57]} 1... c5 {[%clk 1:15:53]} 2. Nf3 {[%clk 1:16:21]} 2...
Nc6 {[%clk 1:16:16]} 3. d4 {[%clk 1:16:46]} 3... cxd4 {[%clk 1:16:39]} 4. Nxd4
{[%clk 1:17:11]} 4... Nf6 {[%clk 1:16:55]} 5. Nc3 {[%clk 1:17:28]} 5... e5 {
[%clk 1:17:20]} 6. Ndb5 {[%clk 1:17:11]} 6... d6 {[%clk 1:17:32]} 7. Bg5 {
[%clk 1:17:11]} 7... Be7 {[%clk 1:17:28]} 8. Bxf6 {[%clk 1:17:18]} 8... Bxf6 {
[%clk 1:17:44]} 9. Nxd6+ {[%clk 1:17:20]} 9... Kf8 {[%clk 1:17:45]} 10. Nxc8 {
[%clk 1:17:14]} 10... Rxc8 {[%clk 1:17:50]} 11. Bb5 {[%clk 1:16:57]} 11... Nd4
{[%clk 1:17:39]} 12. Bd3 {[%clk 1:16:34]} 12... g6 {[%clk 1:17:32]} 13. O-O {
[%clk 1:15:14]} 13... Kg7 {[%clk 1:17:29]} 14. Nd5 {[%clk 1:14:20]} 14... Bg5 {
[%clk 1:15:45]} 15. c3 {[%clk 1:10:21]} 15... Ne6 {[%clk 1:10:47]} 16. Bc2 {
[%clk 0:57:58]} 16... Nf4 {[%clk 1:06:25]} 17. Nxf4 {[%clk 0:57:32]} 17... Bxf4
{[%clk 1:01:13]} 18. Qxd8 {[%clk 0:57:35]} 18... Rhxd8 {[%clk 1:00:34]} 19.
Rfd1 {[%clk 0:56:57]} 19... b6 {[%clk 0:58:32]} 20. g3 {[%clk 0:56:54]} 20...
Bg5 {[%clk 0:58:33]} 21. Bd3 {[%clk 0:56:27]} 21... Rd6 {[%clk 0:56:58]} 22.
Be2 {[%clk 0:53:54]} 22... Rcd8 {[%clk 0:56:19]} 23. Rxd6 {[%clk 0:54:05]}
23... Rxd6 {[%clk 0:56:00]} 24. Rd1 {[%clk 0:54:20]} 24... Rxd1+ 25. Bxd1 25...
h6 {[%clk 0:55:08]} 26. b3 {[%clk 0:54:43]} 26... Bd2 {[%clk 0:53:13]} 27. c4 {
[%clk 0:54:56]} 27... g5 {[%clk 0:52:07]} 28. f3 {[%clk 0:54:57]} 1/2-1/2